Toutes les capacités Pokémon gigamax signatures - Statistiques

Statistiques générales
  • Ce quiz a été pris 14 fois
  • Le résultat moyen est 18 sur 33
Statistiques - réponses
Hint Réponse % Correct
Dracaufeu Fournaise G-Max
82%
Pyrobut Pyroball G-Max
82%
Tortank Canonnade G-Max
73%
Shifours ténèbres Coup final G-Max
73%
Pikachu Foudre G-Max
73%
Florizarre Fouet G-Max
73%
Ectoplasma Hantise G-Max
73%
Shifours eau Multicoup G-Max
73%
Gorythmic Percussion G-Max
73%
Angoliath Torpeur G-Max
73%
Duralugon Usure G-Max
73%
Krabboss Bulles G-Max
64%
Evoli Câlin G-Max
64%
Mackogneur Frappe G-Max
64%
Papilusion Illusion G-Max
64%
Salarsen Choc G-Max
55%
Lezargus Gâchette G-Max
55%
Miaouss Pactole G-Max
55%
Pachyradjah Percée G-Max
55%
Ronflex Récolte G-Max
55%
Astronelle Ondes G-Max
45%
Miasmax Pestilence G-Max
45%
Corvaillus Rafale G-Max
45%
Lokhlass Résonance G-Max
45%
Mothracite Téphra G-Max
45%
Scolocendre Combustion G-Max
36%
Charmilly Cure G-Max
36%
Dunaconda Enlisement G-Max
36%
Melmetal Fonte G-Max
36%
Dratatin Nectar G-Max
36%
Torgamord Récif G-Max
27%
Pomdrapi Corrosion G-Max
18%
Sorcilence Sentence G-Max
18%
Aucun quiz correspondant
Distribution des résultats
% des personnes avec chaque résultat
Percentile par nombre de réponses
Votre historique - résultats
Vous n’avez pas pris ce quiz